| 000 | 004650000a22001690004500 | ||
|---|---|---|---|
| 041 | 0 | _aSPA | |
| 082 | 0 | 4 | _aG 270.6 G9847h |
| 100 | 1 | _aGutiérrez Marín, Claudio | |
| 245 | 1 | 0 | _aHistoria de la reforma en España / Claudio Gutiérrez Marín |
| 260 | _aMéxico : Casa Unida de Publicaciones | ||
| 300 | _a445 Pag | ||
| 001 | 10700 | ||
| 942 | _cBK | ||
| 999 |
_c40163 _d40163 |
||
| 336 |
_atexto _btxt _2rdacontent |
||
| 337 |
_2rdamedia _asin mediación _bn |
||
| 338 |
_2rdacarrier _avolumen _bnc |
||